All Michigan Cities By Letter - Q & R - Statistics

General Stats
  • This quiz has been taken 11 times
  • The average score is 15 of 22
Answer Stats
Population County City/Village % Correct
13,296 Oakland Rochester
100%
74,516 Oakland Rochester Hills
100%
23,573 Wayne Romulus
100%
1,050 Roscommon Roscommon
100%
59,277 Oakland Royal Oak
100%
1,274 Muskegon Ravenna
75%
2,391 Osceola Reed City
75%
7,419 Wayne River Rouge
75%
6,391 Kent Rockford
75%
3,606 Macomb Romeo
75%
3,796 Muskegon Roosevelt Park
75%
448 Oceana Rothbury
75%
1,617 Branch Quincy
50%
1,044 Hillsdale Reading
50%
1,364 Tuscola/Saginaw Reese
50%
831 Kalamazoo Richland
50%
12,032 Wayne Riverview
50%
3,158 Wayne Rockwood
50%
2,653 Presque Isle Rogers City
50%
362 Isabella Rosebush
50%
632 Ogemaw Rose City
50%
47,018 Macomb Roseville
50%
No matching quizzes found
Score Distribution
Percent of People with Each Score
Percentile by Number Answered
Your Score History
You have not taken this quiz